| 000 | 00496nam a2200169Ia 4500 | ||
|---|---|---|---|
| 003 | OSt | ||
| 005 | 20200320140355.0 | ||
| 008 | 190216s9999||||xx |||||||||||||| ||und|| | ||
| 040 | _coclc | ||
| 082 |
_a297.63 _bNUM/S |
||
| 100 |
_aNu`Mani, Allama Shibli _92129 |
||
| 245 | 0 |
_aSirat-Un-Nabi Vol 1 / _cAllama Shibli Nu`Mani |
|
| 260 |
_bIdarah-1 Adabiyat-1 _c2009. _aDelhi: |
||
| 300 | _a280p | ||
| 650 | _aIslamic History | ||
| 942 |
_cBK _2ddc _h297.63 _iNUM/S _k297.63 _mNUM/S |
||
| 999 |
_c22408 _d22408 |
||